01410nam a2200301Ii 45000010006000000050017000060080041000230200015000640400033000790820022001122450081001342640111002153000025003263360029003513370028003803380028004086500050004366510065004866510072005516510055006236510055006787000057007337000061007907100053008519420007009049990017009119520180009285638220260205163637.0241108s9999||||xx |||||||||||||| ||und|| a9586430006 aCO-ViMGAbspaerdacCO-ViMGA04a987.048bA18122310aActas del congreso de Angostura 1819-1820;ccompilado por Roberto Cortázar 1aBogotá : Fundación Francisco de Paula Santander, 1989bFundación Francisco de Paula Santander,c1989 a451 páginasc24 cm atextobtxt2rdacontenido ano mediadobn2rdamedio avolumenbnc2rdasoporte17aCongreso de Angostura, 1819. 2BLAAUTO968603 4aColombia xRelaciones exteriores y1819-1820vBLAAUTO968604 4aVenezuela xAdministración pública y1819-1820.vBLAAUTO968605 4aVenezuela xHistoria y1819-1820. vBLAAUTO968606 4aVenezuela xHistoria y1819-1820. vBLAAUTO9686061 aCuervo, Luis Augusto, 1893-1954.ecompilador.9686071 aCortázar Toledo, Roberto, 1884-1969ecompilador96860812aFundación Francisco de Paula Santander 968600 cBK c56382d56382 102ddc406987_048000000000000_A1817080019110470aMEVIGERRbMEVIGERRcGENd2006-11-27hVol.1o987.048 A181pECA7565r2024-11-26 10:52:00tEj.1w2024-11-26yBKz7380 | 10402